BUBT Library Online Catalog

Economic Development / (Record no. 4981)

000 -LEADER
fixed length control field 00661nam a2200241Ia 4500
003 - CONTROL NUMBER IDENTIFIER
control field BUBTL
008 - FIXED-LENGTH DATA ELEMENTS--GENERAL INFORMATION
fixed length control field 151213s9999 xx 000 0 und d
020 ## - INTERNATIONAL STANDARD BOOK NUMBER
International Standard Book Number 978-81-317-6442-8
041 ## - LANGUAGE CODE
Language code of text/sound track or separate title eng
082 ## - DEWEY DECIMAL CLASSIFICATION NUMBER
Classification number 338.9/ T565e/ 2012
100 ## - MAIN ENTRY--PERSONAL NAME
Personal name Todaro, Michael P.
9 (RLIN) 5487
245 ## - TITLE STATEMENT
Title Economic Development /
Statement of responsibility, etc. Michael P. Todaro, Stephen C. Smith
250 ## - EDITION STATEMENT
Edition statement 10th ed.
260 ## - PUBLICATION, DISTRIBUTION, ETC. (IMPRINT)
Place of publication, distribution, etc. New Delhi:
Name of publisher, distributor, etc. Pearson,
Date of publication, distribution, etc. c2012
300 ## - PHYSICAL DESCRIPTION
Extent xxvii, 861 p.:
Dimensions 23 cm.
500 ## - GENERAL NOTE
General note Includes Index
650 ## - SUBJECT ADDED ENTRY--TOPICAL TERM
Topical term or geographic name as entry element Economics
650 ## - SUBJECT ADDED ENTRY--TOPICAL TERM
Topical term or geographic name as entry element Economics
700 ## - ADDED ENTRY--PERSONAL NAME
Personal name Smith, Stephen C.
9 (RLIN) 5488
856 ## - ELECTRONIC LOCATION AND ACCESS
Password 0
Logon 0
Link text Download
942 ## - ADDED ENTRY ELEMENTS (KOHA)
Source of classification or shelving scheme
Koha item type Books
Holdings
Withdrawn status Lost status Source of classification or shelving scheme Damaged status Not for loan Collection code Permanent location Current location Shelving location Date acquired Source of acquisition Inventory number Total Checkouts Full call number Barcode Date last seen Copy number Price effective from Koha item type Total Renewals Date last checked out
        Not For Loan Non-fiction Bangladesh University of Business and Technology Library Bangladesh University of Business and Technology Library Economics Stacks 10/03/2012 Purchase 14439   338.9/ T565e/ 2012 BUBTL-200314439 07/18/2017 C-1 07/18/2017 Books    
          Non-fiction Bangladesh University of Business and Technology Library Bangladesh University of Business and Technology Library Economics Stacks 10/03/2012 Purchase 14438 1 338.9/ T565e/ 2012 BUBTL-200314438 03/13/2024 C-2 07/18/2017 Books 2 12/27/2021
          Non-fiction Bangladesh University of Business and Technology Library Bangladesh University of Business and Technology Library Economics Stacks 10/03/2012 Purchase 14440 6 338.9/ T565e/ 2012 BUBTL-200314440 03/03/2024 C-3 10/21/2017 Books   02/27/2024
          Non-fiction Bangladesh University of Business and Technology Library Bangladesh University of Business and Technology Library Economics Stacks 10/03/2012 Purchase 14441 2 338.9/ T565e/ 2012 BUBTL-200314441 02/22/2024 C-4 10/21/2017 Books 1 02/07/2024
        Not For Loan Non-fiction Bangladesh University of Business and Technology Library Bangladesh University of Business and Technology Library Economics Stacks 03/08/2015   20310   338.9TOE BUBTL-200320310 11/23/2017 C-5 11/23/2017 Books    
          Non-fiction Bangladesh University of Business and Technology Library Bangladesh University of Business and Technology Library Economics Stacks 03/06/2012 Purchase 13313   338.9/ T565e/ 2012 BUBTL-200313313 05/28/2024 C-6 05/28/2024 Books    

More Information About Library

Library Hours

  • Open: 9.00 am. to 9.00 pm.
  • Only Sunday: 9.00 am. to 6.00 pm.
  • Closed: Holiday

Contact to the University

Bangladesh University of Business and Technology Library

  • Mirpurl-2, 1216.
  • Phone:
  • Fax:
  • E-Mail: admin.library@bubt.edu.bd

Contact to the Library

Contact Person:

Md. Abdul Hakim Shah
Joint Librarian
PABX No:  113
Cell No: 01816332931
E-mail: official: admin.library@bubt.edu.bd
Personal: hakim.shah@bubt.edu.bd


BUBT Library

Copyright © 2021